000 00519nam a22001577a 4500
003 OSt
005 20151102144656.0
008 151102b xxu||||| |||| 00| 0 eng d
040 _cRUA
082 _aFOR ម៉េង 1992 B117 Or.1
100 _93190
_aម៉េង មុនីរក្ស
245 _aគំរោងនៃការរៀបចំតំបន់អង្គរឲ្យទៅជាឧទ្យានជាតិ
260 _aPhnom Penh
_bRUA
_c1992
300 _a86p.
_bill.
_c29cm.
942 _2ddc
_cFOR
999 _c2978
_d2978